Stanovenie polohy robota pomocou MEMS gyroskopov a acelerometrov

Uložené v:
Podrobná bibliografia
Hlavný autor: Kytka, Lukáš (Autor)
Ďalší autori: Kľúčik, Marian, 1978- (Vedúci práce)
Médium: Rukopis Kniha
Jazyk:Slovak
Vydavateľské údaje: Bratislava : STU v Bratislave FEI, 2009
Predmet:
Tagy: Pridať tag
Žiadne tagy, Buďte prvý, kto otaguje tento záznam!

MARC

LEADER 00000ntm a22000003a 4500
001 stu190010
005 20160719165133.4
008 090916s2009------------------------slo-d
040 |a STU  |b slo 
041 0 |a slo 
100 1 |a Kytka, Lukáš  |4 aut 
245 1 |a Stanovenie polohy robota pomocou MEMS gyroskopov a acelerometrov 
260 |a Bratislava :  |b STU v Bratislave FEI,  |c 2009 
300 |a 49 s 
650 7 |a automatizácia  |2 stusub 
650 7 |a robotika  |2 stusub 
650 7 |a mobilné roboty  |2 stusub 
650 7 |a MEMS  |2 stusub 
700 1 |a Kľúčik, Marian,  |d 1978-  |4 ths  |u E010  |T FEI Ústav riadenia a priemyselnej informatiky  |X 10015  |U E010  |Y E010  |7 A000010015